| 000 | 01309nam a2200349 a 4500 | ||
|---|---|---|---|
| 001 | ebr10719178 | ||
| 003 | CaPaEBR | ||
| 006 | m o u | ||
| 007 | cr cn||||||||| | ||
| 008 | 070606s2007 cauad sb 001 0 eng d | ||
| 010 | _z 2007297763 | ||
| 020 | _z9781412921084 (hbk.) | ||
| 020 | _z1412921082 (hbk.) | ||
| 020 | _z1412921090 (pbk.) | ||
| 020 | _z9781412921091 (pbk.) | ||
| 020 | _z9781446204214 (e-book) | ||
| 040 |
_aCaPaEBR _cCaPaEBR |
||
| 050 | 1 | 4 |
_aHM1091 _b.B54 2007eb |
| 082 | 0 | 4 |
_a305.8001 _222 |
| 100 | 1 | _aBlaine, Bruce Evan. | |
| 245 | 1 | 0 |
_aUnderstanding the psychology of diversity _h[electronic resource] / _cBruce Blaine. |
| 260 |
_aLos Angeles ; _aLondon : _bSAGE, _c2007. |
||
| 300 |
_axv, 256 p. : _bill. |
||
| 504 | _aIncludes bibliographical references and index. | ||
| 533 |
_aElectronic reproduction. _bPalo Alto, Calif. : _cebrary, _d2013. _nAvailable via World Wide Web. _nAccess may be limited to ebrary affiliated libraries. |
||
| 650 | 0 | _aPrejudices. | |
| 650 | 0 | _aStereotypes (Social psychology) | |
| 650 | 0 |
_aMulticulturalism _xPsychological aspects. |
|
| 655 | 7 |
_aElectronic books. _2local |
|
| 710 | 2 | _aebrary, Inc. | |
| 856 | 4 | 0 |
_uhttp://site.ebrary.com/lib/rucke/Doc?id=10719178 _zAn electronic book accessible through the World Wide Web; click to view |
| 999 |
_c28163 _d28163 |
||